| 000 | 00936nam a2200313 a 4500 | ||
|---|---|---|---|
| 001 | 60405 | ||
| 003 | CO-BoRNBP | ||
| 005 | 20260204224029.0 | ||
| 007 | t | ||
| 008 | 880922s1988 ck r 00010 spa d | ||
| 040 |
_aCO-BoBLA _bspa _dCO-BoBLA _erda _c00 |
||
| 041 |
_aspa _heng |
||
| 082 | 0 | 4 |
_a822.33 _bM12c3 _219 ed. |
| 084 | _a00 | ||
| 100 | 1 |
_aShakespeare, William, _d1564-1616. _938426 |
|
| 245 | 1 | 0 |
_aMacbeth / _cWilliam Shakespeare ; traducción y prólogo de Jorge Plata. |
| 250 | _a1a. edición | ||
| 264 |
_aBogotá : _bEl Ancora Editores, _c1988. |
||
| 300 |
_a115 páginas : _c20 cm. |
||
| 336 |
_atext _btxt _2rdacontent |
||
| 337 |
_aunmediated _bn _2rdamedia |
||
| 338 |
_avolume _bnc _2rdacarrier |
||
| 650 | 7 |
_aTeatro inglés. _2BLAAUTO |
|
| 700 | 1 |
_aPlata Saray, Jorge, _etraductor. _968576 |
|
| 830 | 0 | _aBernardo Ramírez-Colección 1 | |
| 942 |
_2ddc _cBK |
||
| 949 |
_an _bn |
||
| 960 | _aNormalizados-2025 | ||
| 999 |
_c60405 _d60405 |
||